[Event "Condigne Dutch Open 2018"]
[Site "Dieren"]
[Date "2018.07.30"]
[Round "6"]
[White "Vrolijk, Liam"]
[Black "Krishnater Kushager"]
[Result "1-0"]
[WhiteElo "2419"]
[BlackElo "2209"]
[Annotator "TA"]
[PlyCount "95"]
[EventDate "2018.07.24"]
[EventType "swiss"]
[EventCountry "NED"]
[SourceTitle "playchess.com"]
[Source "ChessBase"]
[SourceQuality "1"]

{[%evp 24,95,20,16,24,14,53,52,56,55,54,49,59,45,56,17,37,0,31,-1,-8,-14,81,82,95,80,108,51,98,55,94,78,179,186,327,338,337,326,387,347,361,205,205,195,262,246,238,233,453,458,458,448,408,402,464,464,594,584,29985,1514,1714,1603,1605,1612,1416,1413,1404,1277,1971,1581,1862,1951,29994,29995]} 1. Nf3 Nf6 2. c4 g6 3. Nc3 Bg7 4. e4 d6 5. d4 O-O 6. Be2 e5 7. d5 a5 8. Bg5 h6 9. Bh4 g5 10. Bg3 Nh5 11. Nd2 Nf4 12. O-O {E92: Königsindisch (Klassisches System)} Na6 13. h3 {LiveBook: 3 Partien} (13. Bg4 Bxg4 14. Qxg4 h5 15. Qf5 Ng6 16. h3 Bh6 17. Nb3 Nb4 18. a3 {1-0 (87) Vorontsov,P (2492)-Morovic Fernandez,I (2535) Matanzas 2017}) 13... Nc5 14. Bg4 {Weiß hat minimalen Vorteil.} f5 15. exf5 Bxf5 16. Bxf5 Rxf5 17. Nde4 b6 $146 ({Vorgänger:} 17... Ncd3 18. Bxf4 Nxf4 19. Re1 Qd7 20. c5 Raf8 21. cxd6 cxd6 {1-0 (41) Camarena Gimenez,R (2424)-Planas Gene,J (2009) San Sebastian 2016}) 18. b3 Qe8 19. Qc2 Qg6 20. a3 h5 21. Bh2 Rf7 22. b4 Na6 (22... Nxe4 $11 23. Nxe4 g4) 23. Rab1 $36 {[%mdl 2048] Weiss ist am Drücker.} axb4 24. axb4 Raf8 25. Kh1 (25. Rfe1 $16) 25... Qf5 26. Nd1 Bh6 27. Ne3 Qd7 (27... Qg6 $16 {war angesagt.}) 28. Rb3 $18 g4 (28... Qa4 $142) 29. hxg4 hxg4 {[#]} 30. Nxg4 $1 {[%mdl 512]} Qxg4 {[%csl Gf4][%cal Rg4g2]} 31. Rg3 Qxg3 32. Bxg3 ({Nicht} 32. Nxg3 Nxb4 33. Qd2 Na6 $18) (32. fxg3 $142 Nxb4 33. Qd1) 32... Nxb4 33. Qb3 Nbd3 (33... Na6 $142 34. Ra1 Nc5 35. Nxc5 bxc5) 34. Bxf4 Nxf4 35. g3 Ne2 $2 (35... Nh3 36. Kg2 Ng5 37. Nxg5 Bxg5) 36. Qd1 Nd4 37. Qh5 Rh7 {Und ...Lg7 würde nun gewinnen.} 38. Kg2 Bg7 39. Qg4 Rf5 40. Ra1 {zielt auf Ta8+ ab.} Rfh5 {...Th2+ ist eine echte Drohung.} 41. Qc8+ (41. Nf6+ $142 Kf7 42. Nxh5 Bf6 43. Ra7 Be7 44. Rxc7 Rxh5 45. Qxh5+ Kf6 46. g4) 41... Kf7 42. Qxc7+ Kg6 43. Qxd6+ Kf5 {[#]} 44. g4+ $1 Kxg4 45. Rg1 Kf4 46. Ng3 ({Weniger gut wäre} 46. Qg6 R5h6 $14) 46... Rh2+ 47. Kf1 Kf3 48. Qa3+ {Precision: Weiß = 67%, Schwarz = 20%.} 1-0

[Event "Condigne Dutch Open 2018"]
[Site "Dieren"]
[Date "2018.07.30"]
[Round "6"]
[White "Beukema, Stefan"]
[Black "Anand Nadar"]
[Result "1/2-1/2"]
[WhiteElo "2404"]
[BlackElo "2346"]
[Annotator "NA"]
[PlyCount "52"]
[EventDate "2018.07.24"]
[EventType "swiss"]
[EventCountry "NED"]
[SourceTitle "playchess.com"]
[Source "ChessBase"]
[SourceQuality "1"]
[TimeControl "40/5400+30:1800+30"]

1. e4 {[%emt 0:00:00]} e5 {[%emt 0:00:07]} 2. Nf3 {[%emt 0:01:37]} Nc6 {[%emt 0:00:13]} 3. Bb5 {[%emt 0:00:14]} a6 {[%emt 0:00:18]} 4. Ba4 {[%emt 0:00:12]} Nf6 {[%emt 0:00:07]} 5. O-O {[%emt 0:00:08]} Be7 {[%emt 0:00:05]} 6. Re1 {[%emt 0:01:03]} b5 {[%emt 0:00:14]} 7. Bb3 {[%emt 0:00:07]} d6 {[%emt 0:04:44]} 8. c3 {[%emt 0:00:15]} O-O {[%emt 0:00:07]} 9. h3 {[%emt 0:00:05]} Nb8 {[%emt 0:00:13]} 10. d3 {[%emt 0:07:28]} c5 {[%emt 0:00:27]} 11. Nbd2 {[%emt 0:00:33]} Re8 {[%emt 0:05:20]} 12. Nf1 {[%emt 0:05:30]} Bf8 {[%emt 0:03:17]} 13. Ng5 {[%emt 0:01:58]} Re7 {[%emt 0:06:54]} 14. f4 {[%emt 0:00:47]} h6 {[%emt 0:06:09]} 15. Nf3 $11 {[%emt 0:00:28]} Nc6 {[%emt 0:11:31]} 16. Ng3 {[%emt 0:04:26]} exf4 {[%emt 0:21:59]} 17. Bxf4 {[%emt 0:00:18]} Ne5 {[%emt 0:00:08]} 18. Bc2 {[%emt 0:08:29]} Qb6 {[%emt 0:06:36]} 19. Kh2 {[%emt 0:04:42]} Bb7 {[%emt 0:01:21]} 20. b3 {[%emt 0:10:41]} Ng6 {[%emt 0:06:00]} 21. Be3 {[%emt 0:01:12]} d5 {[%emt 0:07:23]} 22. e5 {[%emt 0:11:18]} Nxe5 {[%emt 0:00:31]} 23. Nxe5 {[%emt 0:00:07]} Rxe5 {[%emt 0:00:04]} 24. Bxc5 {[%emt 0:00:08]} Rxe1 {[%emt 0:01:18]} 25. Bxb6 {[%emt 0:00:06]} Rxd1 {[%emt 0:00:05]} 26. Bxd1 {[%emt 0:00:18]} Bd6 {[%emt 0:05:52]} 1/2-1/2

[Event "Condigne Dutch Open 2018"]
[Site "Dieren"]
[Date "2018.07.30"]
[Round "6"]
[White "Bosboom, Manuel"]
[Black "Van Dael, Siem"]
[Result "1-0"]
[WhiteElo "2403"]
[BlackElo "2212"]
[Annotator "NA"]
[PlyCount "57"]
[EventDate "2018.07.24"]
[EventType "swiss"]
[EventCountry "NED"]
[SourceTitle "playchess.com"]
[Source "ChessBase"]
[SourceQuality "1"]
[TimeControl "40/5400+30:1800+30"]

1. e4 {[%emt 0:00:00]} c5 {[%emt 0:00:00]} 2. Nf3 {[%emt 0:00:00]} d6 {[%emt 0:00:00]} 3. c3 {[%emt 0:00:33]} Nf6 {[%emt 0:00:00]} 4. h3 {[%emt 0:00:28]} Nc6 {[%emt 0:03:14]} 5. Bd3 {[%emt 0:01:11]} e5 {[%emt 0:00:06]} 6. Bc2 {[%emt 0:00:20]} Be7 {[%emt 0:00:33]} 7. d3 {[%emt 0:03:17]} O-O {[%emt 0:02:19]} 8. O-O {[%emt 0:02:42]} h6 {[%emt 0:01:59]} 9. Re1 {[%emt 0:05:09]} Nh7 {[%emt 0:03:26]} 10. d4 {[%emt 0:03:24]} Ng5 {[%emt 0:01:14]} 11. Bxg5 {[%emt 0:04:49]} hxg5 {[%emt 0:00:48]} 12. dxc5 {[%emt 0:03:08]} dxc5 {[%emt 0:00:44]} 13. Na3 {[%emt 0:01:21]} g4 {[%emt 0:06:32]} 14. hxg4 {[%emt 0:00:23]} Bxg4 $14 {[%emt 0:00:09]} 15. Nc4 {[%emt 0:00:57]} Qc8 {[%emt 0:52:32]} 16. Ne3 {[%emt 0:07:47]} Bg5 {[%emt 0:04:29]} 17. Nxg4 {[%emt 0:22:14]} Qxg4 {[%emt 0:00:08]} 18. Qe2 {[%emt 0:10:01]} Rae8 {[%emt 0:06:36]} 19. Bb3 {[%emt 0:01:11]} Bf4 {[%emt 0:11:09]} 20. Rad1 {[%emt 0:08:05]} g6 {[%emt 0:01:56]} 21. g3 {[%emt 0:05:27]} Bh6 {[%emt 0:01:25]} 22. Kg2 {[%emt 0:02:09]} Kg7 {[%emt 0:01:03]} 23. Qb5 {[%emt 0:05:52]} Re7 {[%emt 0:00:33]} 24. Qxc5 {[%emt 0:02:30]} f5 {[%emt 0:00:11]} 25. Rd6 {[%emt 0:01:27]} fxe4 {[%emt 0:00:50]} 26. Nh2 {[%emt 0:01:55]} Qg5 {[%emt 0:00:31]} 27. Rxe4 {[%emt 0:00:04]} Ree8 {[%emt 0:00:30]} 28. Bc2 {[%emt 0:02:43]} Qe7 {[%emt 0:00:30]} 29. Rg4 {[%emt 0:00:52]} 1-0

[Event "Condigne Dutch Open 2018"]
[Site "Dieren"]
[Date "2018.07.30"]
[Round "6"]
[White "Schoppen, Casper"]
[Black "Ivanisevic, Ivan"]
[Result "1-0"]
[WhiteElo "2395"]
[BlackElo "2567"]
[Annotator "TA"]
[PlyCount "129"]
[EventDate "2018.07.24"]
[EventType "swiss"]
[EventCountry "NED"]
[SourceTitle "playchess.com"]
[Source "ChessBase"]
[SourceQuality "1"]

{[%evp 38,129,0,-18,0,0,6,8,20,18,30,33,57,57,57,59,50,16,22,0,9,-27,-31,-89,-78,-75,-69,-116,-111,-115,-55,-72,-66,-68,-8,-11,-18,-17,0,0,0,0,-3,-6,112,113,116,109,148,118,116,108,109,109,338,297,404,402,340,9,66,71,239,225,240,226,352,350,371,337,303,321,305,280,508,531,525,466,887,890,830,804,1381,1316,1125,1114,1053,974,1882,1717,1436,798,29986,791]} 1. e4 e5 2. Nf3 Nc6 3. Bb5 a6 4. Ba4 Nf6 5. O-O Be7 6. Re1 b5 7. Bb3 d6 8. c3 O-O 9. h3 Nb8 10. d4 Nbd7 11. Nbd2 {[%cal Bb1d2,Bd2f1,Bf1g3][%mdl 32]} Bb7 12. Bc2 Re8 13. Nf1 Bf8 14. Ng3 g6 15. b3 Bg7 16. d5 Rc8 {C95: Closed Ruy Lopez: Breyer Variation with 10 d4} 17. Rb1 (17. c4 c6 18. Be3 Nb6 19. Nd2 cxd5 20. cxd5 Nbxd5 21. exd5 Nxd5 22. Nf3 Nxe3 23. fxe3 d5 24. Qd2 {0-1 (76) McShane,L (2671)-Adams,M (2744) London 2016}) 17... c6 18. c4 Qc7 19. Bd3 Nc5 20. Bf1 {[#] LiveBook: 8 Games} Qe7 $146 ({Predecessor:} 20... a5 21. Bg5 b4 22. Qd2 Ra8 23. Nh2 Bc8 24. f3 {½-½ (34) Apicella,M (2532)-Schlosser,P (2602) Haguenau 2013}) 21. Bg5 h6 22. Bd2 cxd5 23. cxd5 h5 24. Bg5 Qf8 25. a4 bxa4 26. bxa4 Rc7 27. Bd2 Bh6 28. Be3 Bc8 29. a5 Bf4 30. Nd2 ({Better is} 30. Bxc5 $15 Rxc5 31. Qa4) 30... h4 $17 31. Bxf4 exf4 32. Ne2 Nd3 $1 {[%cal Rd3e1]} (32... Ncxe4 33. Nxe4 Rxe4 34. Qd2 $11) 33. f3 Qg7 (33... Bd7 $17 34. Nb3 Nxe1 35. Qxe1 g5) 34. Nb3 Nxe1 35. Qxe1 g5 (35... Nh5 $15 36. Qxh4 Qe5) 36. Qb4 $1 $11 Qf8 37. Ned4 Nh5 38. Bd3 Ng3 39. Kh2 f5 40. exf5 $1 Re3 (40... Nxf5 41. Ne6 $15) (40... Qf6 $11) 41. Rd1 $1 $16 Rb7 (41... Nxf5 $6 42. Nxf5 Rb7 43. Nh6+ (43. Qxd6 Bxf5 44. Qxf8+ Kxf8 $17) 43... Qxh6 44. Qc4 $15) 42. Qc4 Nxf5 43. Bxf5 Bxf5 44. Nxf5 Rexb3 45. Qe4 Rf7 $2 (45... Re3 $16 {was called for.} 46. Nxe3 fxe3) 46. Qe6 $18 Kh8 47. Rc1 $1 {[%cal Rc1c8] And now Rc8 would win.} Rb8 {[#]} 48. Nd4 $2 (48. Nxd6 $2 Rf6 $19) (48. Qg6 $1 $18) 48... Re8 (48... Qe7 $1 $11) 49. Qg4 {Ne6 is the strong threat.} Kg8 $2 (49... Qe7 $16 {was worth a try.}) 50. Ne6 Qh6 51. Rc6 Qg6 (51... Qf6 {keeps fighting.} 52. Rxd6 (52. Rxa6 Qf5 $16) 52... Ra8) 52. Rxd6 Qf5 53. Nxg5 Qxg4 54. hxg4 {[%mdl 4096] Endgame KRR-KRN} ({Don't take} 54. fxg4 $6 Ra7 $18) 54... Rb7 55. Ne6 Rb1 $2 (55... h3 56. Nxf4 (56. Rxa6 hxg2 57. Kxg2 Rb2+ 58. Kh3 Rb3 $16) 56... hxg2 57. Kxg2 (57. Rxa6 Rb2 $16) 57... Ra8) 56. g5 {[%cal Bg4g5,Bg5g6][%mdl 32]} Kf7 57. Nxf4 Re5 (57... Ree1 $142 58. Rf6+ Kg8) 58. g6+ Ke7 59. Rxa6 Rg5 60. Re6+ Kd7 61. a6 Ra1 62. Rb6 Ke7 63. d6+ Kd7 {[#]} 64. g7 $1 {aiming for Rb7+.} Ra4 (64... Rxg7 65. Rb7+) 65. Rb8 {Precision: White = 64%, Black = 18%.} (65. Rb7+ $142 Kxd6 {[#]} 66. Ng6 $1 {[%mdl 512]} Rxg6 67. Rb6+ Ke7 68. Rxg6 Rxa6 69. Rxa6 Kf7 70. Ra7+ Kg8 71. Kh3) 1-0

[Event "Condigne Dutch Open 2018"]
[Site "Dieren"]
[Date "2018.07.30"]
[Round "6"]
[White "Buckels, Valentin"]
[Black "Hausrath, Daniel"]
[Result "1/2-1/2"]
[WhiteElo "2353"]
[BlackElo "2495"]
[Annotator "TA"]
[PlyCount "35"]
[EventDate "2018.07.24"]
[EventType "swiss"]
[EventCountry "NED"]
[SourceTitle "playchess.com"]
[Source "ChessBase"]
[SourceQuality "1"]

{[%evp 28,35,0,0,0,0,0,0,0,0]} 1. d4 d5 2. c4 e6 3. Nf3 Nf6 4. Nc3 Be7 5. Bf4 O-O 6. e3 c5 7. dxc5 Bxc5 8. a3 Nc6 {[%cal Bb8c6,Bc6d4,Bd4c2][%mdl 32]} 9. Qc2 Qa5 10. Rd1 Re8 {D37: Queen's Gambit Declined: 5 Bf4} 11. Nd2 e5 12. Bg5 Nd4 13. Qc1 Bf5 14. Bxf6 Nc2+ 15. Ke2 {[#] LiveBook: 8 Games. Strongly threatening b4.The position is equal.} Nd4+ $1 16. Ke1 $1 {[#] Hoping for b4.} (16. exd4 exd4+ 17. Kf3 dxc3 $11) 16... Nc2+ $146 17. Ke2 Nd4+ $1 18. Ke1 $1 1/2-1/2

[Event "Condigne Dutch Open 2018"]
[Site "Dieren"]
[Date "2018.07.30"]
[Round "6"]
[White "Maatman, Nick"]
[Black "Leenhouts, Koen"]
[Result "1/2-1/2"]
[WhiteElo "2345"]
[BlackElo "2483"]
[Annotator "TA"]
[PlyCount "226"]
[EventDate "2018.07.24"]
[EventType "swiss"]
[EventCountry "NED"]
[SourceTitle "playchess.com"]
[Source "ChessBase"]
[SourceQuality "1"]

{[%evp 23,226,38,18,22,41,32,40,34,57,23,76,66,77,26,133,139,129,118,162,170,202,181,252,201,182,167,266,258,320,323,309,288,300,290,352,181,181,185,206,202,186,72,72,72,75,0,0,0,141,0,0,0,0,0,0,0,0,-162,-162,-170,-170,-157,-97,-97,-93,-93,-93,-93,-93,-114,-114,-114,-114,-114,-90,-114,-90,-90,-90,-90,-89,-90,-82,-90,-90,-177,-177,-180,-180,-12799,-12803,-12804,-12367,-12812,-12813,-12812,-12815,-12813,-12815,-12793,-177,-177,-177,-177,-36,-36,-36,-36,0,-36,-36,-36,-36,-36,-36,-36,-36,-12826,-12829,-12831,-12828,-12831,-12833,-12502,-36,-12089,-12226,-12226,-36,-36,-36,-36,-36,-29947,-29942,-29944,-29942,-29938,-29937,-29941,-10371,-10179,-10349,-7810,-10311,-174,0,-29948,-12810,-12844,-36,-10431,-329,-10029,-10431,-10431,-10431,-7810,-7810,-202,-36,-36,-36,-36,-36,-36,-36,-36,-36,-36,-36,-36,-36,-36,-36,-36,-36,-36,-36,-36,-36,-36,-36,-36,-36,-36,-36,-36,-36,-36,-36,-36,-24,-24,-20,-20,-8,-8,-8,-8,0,-8,0,-8,8]} 1. d4 Nf6 2. c4 c5 3. d5 b5 4. cxb5 a6 5. e3 g6 6. Nc3 Bg7 7. a4 O-O 8. Bc4 Bb7 {A57: Wolga/Benkö-Gambit} (8... Ne8 9. bxa6 Nd6 10. Be2 Bxa6 11. Nf3 Qa5 12. O-O Bxc3 13. bxc3 Ne4 14. c4 Nc3 15. Bd2 Nxd1 16. Bxa5 Nb2 17. Nd2 Nxc4 {1-0 (17) Babula,V (2533)-Stocek,J (2587) Pardubice 2010}) 9. Nge2 e6 10. e4 axb5 11. Bxb5 exd5 12. exd5 Na6 {LiveBook: 8 Partien} 13. O-O d6 14. Bf4 $146 ({Vorgänger:} 14. Be3 Nb4 15. Nf4 h6 16. Rc1 {½-½ (41) Wiedenkeller,M (2471)-Becking,S (2321) Germany 2003}) 14... Nb4 {[%cal Rb4d5]} 15. Bc4 Re8 16. Re1 Ng4 (16... Ba6 $11 17. Bxa6 Rxa6) 17. Bb5 Re7 18. h3 (18. Qd2 $16) 18... Ne5 (18... Nf6 $11) 19. Bg5 $1 $36 {[%mdl 2048] Schwarz muss aufpassen.} f6 20. Be3 {[%cal Bg5e3,Be3d4,Bd4b6][%mdl 32]} Kh8 21. Nf4 $1 Qg8 22. Ne6 c4 (22... Ba6 $142 23. Re2 Qc8) 23. Nxg7 Rxg7 24. Bd4 Nxd5 (24... Nbd3 {war einen Versuch wert.}) 25. Qd2 $1 $18 Nb4 26. f4 Nbd3 27. fxe5 dxe5 28. Bb6 g5 29. Re4 (29. Red1 $142) 29... Bxe4 30. Nxe4 g4 31. hxg4 $1 Rb7 32. Qe3 ({Lieber nicht} 32. Nxf6 Qe6 $11) (32. b3 $1 $18 {und der Rest ist Schweigen.} cxb3 33. Rb1 (33. Qxd3 Rxb6 34. Rb1 Qxg4 $16) (33. Nxf6 Qe6 $16) 33... Rxb6 34. Qxd3) 32... Qe6 $16 33. a5 $1 {[%cal Ba4a5,Ba5b6,Bb6b7][%mdl 32]} Rxb6 34. Qxb6 ({Günstiger ist} 34. axb6 $16 Rxa1+ 35. Kh2) 34... Qxb6+ $11 35. axb6 Rxa1+ $16 {[%mdl 4096] Endspiel KTS-KLS} 36. Kh2 Ra8 37. Bxc4 Nxb2 38. b7 Rb8 $1 39. Bd5 Nd3 40. Nxf6 $2 (40. Bc4 $11 {und Weiss ist OK.}) 40... Nc5 $19 41. Bc6 Kg7 $1 {[%cal Rg7f6]} 42. g5 Nxb7 (42... Kg6 $142 43. Kg3 h6) 43. Nd7 $17 Rd8 44. Nxe5 Nc5 45. Nf3 Rd6 46. Bb5 Rb6 47. Bc4 Rb4 48. Bd5 Nd3 49. Kg3 Nf4 50. Bc6 Ng6 51. Bd7 Ne7 52. Be6 Rb2 53. Nh4 Ng6 54. Nxg6 (54. Nf3 $17 {war angesagt.}) 54... Kxg6 {KT-KL} 55. Kh2 Kxg5 56. Bg8 $2 (56. Kh3) 56... Rb8 $19 57. Bc4 Kf4 58. g3+ Kf3 59. Bd5+ Kf2 60. Kh3 Rb5 61. Be4 Re5 62. Bc2 Rc5 63. Be4 h6 (63... Ke3 $19 64. Bb7 Rc4) 64. g4 $1 $15 Re5 65. Bc6 Rc5 66. Be4 Rg5 (66... Ke3 {looks sharper.} 67. Bf5 Rc1 68. Kg3 Rg1+ 69. Kh4 Rh1+) 67. Kh4 Ke3 68. Bf5 Kf4 {( -> ...h5!)} 69. Bc8 Ke5 70. Bf5 $2 {[%mdl 8192]} (70. Bd7 $15) 70... Kf6 $1 $19 {[%cal Rf6e5]} 71. Be4 Re5 72. Bf3 Re3 73. Bg2 Re1 74. Bc6 $2 {[%mdl 8192]} (74. Bf3 $15 Re3 75. Bd1) 74... Re2 $1 {[%cal Re2h2]} 75. Bf3 Rb2 $2 (75... Rh2+ $19 76. Kg3 Rd2) 76. Be4 $1 $15 Rh2+ (76... Ke5 {with more complications.} 77. Bf5 Rd2 78. Kg3 Rd1 79. Bc8 Kf6) 77. Kg3 Re2 78. Bb7 $2 {[%mdl 8192]} (78. Kf4 $15 Rb2 79. Bc6) 78... Kg5 79. Bc8 Rc2 80. Bd7 Rc3+ 81. Kg2 Kf4 (81... Rc7 $142 82. Be6 Rc3 83. Bd7 Kf4 84. Be6 Re3 85. Bc8 Rg3+ 86. Kh2 Re3 87. Bd7 Re7 88. Bc8 Re8 89. Bd7 Rd8 90. Be6 Kf3 91. Kh3 Rd1 92. Kh2 Kf2 93. Bf5 Kf3 94. Bc8 Re1 95. Bf5 Kf2 96. Bd3 Rc1 97. Bf5 Rg1 98. Bd7 Rc1 99. Be6 Re1 100. Bf5 Rd1 101. Be4 Rd4 102. Bf5 Kf3 103. Kh3 Rd1 104. Kh2 Rc1 105. Be6 Ra1 106. Bf5 Kf4 107. Be6 Re1 108. Bc8 Kf3 109. Bf5 Kf4 110. Bd7 Re7 111. Bc8 Re3 112. Kg2 Rg3+ 113. Kh2 Rb3 114. Bd7) 82. Be6 Re3 83. Bd7 Re7 84. Bc8 Re3 $2 (84... Re8 $19 85. Bf5 Rg8) 85. Bd7 $1 Rg3+ 86. Kh2 {[#]} Kf3 $2 (86... Rd3 $1 $19 {[%cal Rd3d7]} 87. Bc8 Rd8) 87. Be6 $2 {[%mdl 8192] [#]} (87. Bc8 $15 Kf4 88. Bf5) 87... Kf2 $1 $19 88. Bd7 $2 (88. Bc8) 88... Rd3 89. Be6 Rd1 90. Bc8 Kf3 91. Be6 Kf4 $2 (91... Rc1 $19 92. Bd7 Rc7) 92. Kh3 Rd6 93. Bc8 $1 Kg5 94. Kg3 Rd3+ 95. Kg2 Kh4 96. Kf2 Rd8 97. Be6 Re8 98. Bd7 Re7 99. Bc8 Ra7 100. Kg2 Ra8 101. Bd7 Rf8 {Und weiter mit ...Kg5 wäre nett.} 102. Be6 $1 Rf4 {...Kg5 ist eine echte Drohung.} 103. Bd7 Rb4 104. Bc8 Rb3 105. Bd7 Kg5 106. Bc8 Kf4 {Droht ...Tb6 und aus.} 107. Bd7 Rb2+ 108. Kh3 Rc2 109. Be6 {Die Stellung ist ausgeglichen.} Kf3 {Weiss muss nun ...Tc1 beachten.} 110. Bd5+ Kf2 {Und ...Ke3 würde nun gewinnen.} 111. Bb7 Rc1 {Droht stark ...Tc7.} 112. Bd5 Rg1 {zielt auf ...Td1 ab.} 113. Bc6 Rxg4 {Precision: Weiß = 53%, Schwarz = 58%.} 1/2-1/2

[Event "Condigne Dutch Open 2018"]
[Site "Dieren"]
[Date "2018.07.30"]
[Round "6"]
[White "De Jong, Migchiel"]
[Black "Himanshu, Sharma"]
[Result "0-1"]
[WhiteElo "2339"]
[BlackElo "2420"]
[Annotator "TA"]
[PlyCount "68"]
[EventDate "2018.07.24"]
[EventType "swiss"]
[EventCountry "NED"]
[SourceTitle "playchess.com"]
[Source "ChessBase"]
[SourceQuality "1"]

{[%evp 10,68,14,0,45,41,45,49,40,38,47,22,41,20,25,33,41,48,34,0,9,-17,-7,-17,0,-16,4,11,20,0,45,50,50,0,0,-74,-74,-74,-74,-74,-70,-93,-93,-93,-93,-105,0,-485,-497,-474,-471,-1144,-1134,-1134,-1134,-1093,-975,-1018,-982,-1174,-1206]} 1. e4 c5 2. Nf3 e6 3. d4 cxd4 4. Nxd4 Nc6 5. g3 d5 6. Nc3 {[%cal Bb1c3,Bc3e4,Be4d2][%mdl 32] LiveBook: 4 Games. B44: Sicilian: Taimanov: 5 Nb5} (6. Bg2 dxe4 7. Nxc6 Qxd1+ 8. Kxd1 bxc6 9. Bxe4 Bb7 10. Nd2 Nf6 11. Bf3 O-O-O 12. Ke2 e5 13. c4 e4 {0-1 (40) Vitiugov,N (2721)-Van Wely,L (2653) Jurmala 2016}) 6... dxe4 7. Nxc6 {[%csl Gc6][%cal Rd1d8]} Qxd1+ 8. Kxd1 {White is slightly better.} bxc6 9. Nxe4 e5 $146 ({Predecessor:} 9... Bb7 10. Bd3 Nf6 11. Nxf6+ gxf6 12. Ke2 h5 13. h4 Bd6 {½-½ (37) Wen,Y (2608)-Sorokin,A (2511) Moscow 2018}) 10. Be3 f5 11. Nd2 Nf6 12. f3 Nd5 13. Bf2 Bd6 14. c4 Nf6 15. c5 Bc7 16. Bc4 Nd5 17. Re1 O-O $36 {[%mdl 2048] Black is pushing.} 18. a3 Re8 19. f4 Kf8 20. fxe5 Bxe5 21. Bxd5 cxd5 22. Rb1 {[#]} (22. Nf3 $11 Bxb2 23. Rxe8+ Kxe8 24. Rb1) 22... f4 $1 $17 {...Bg4+ is the strong threat.} 23. b4 Bg4+ 24. Kc1 {[#]} Bf6 $1 25. gxf4 Rxe1+ 26. Bxe1 Re8 27. Bg3 h5 ({Black should try} 27... Bc3 $17 {Strongly threatening ...Re2.} 28. Rb3 d4) 28. f5 $2 {[%mdl 8192]} (28. b5 $1 $11 {and White stays safe.}) 28... h4 $19 {Black is clearly winning.} 29. Bd6+ Kf7 {aiming for ...Re1+.} 30. Rb2 (30. Kc2 $142 Bxf5+ 31. Kd1) 30... Re1+ 31. Kc2 Bd1+ 32. Kd3 Bxb2 33. c6 Ke8 34. b5 Ba4 {Precision: White = 41%, Black = 72%.} 0-1

[Event "Condigne Dutch Open 2018"]
[Site "Dieren"]
[Date "2018.07.30"]
[Round "6"]
[White "De Boer, Eelke"]
[Black "Beerdsen, Thomas"]
[Result "1/2-1/2"]
[WhiteElo "2317"]
[BlackElo "2469"]
[Annotator "TA"]
[PlyCount "119"]
[EventDate "2018.07.24"]
[EventType "swiss"]
[EventCountry "NED"]
[SourceTitle "playchess.com"]
[Source "ChessBase"]
[SourceQuality "1"]

{[%evp 16,119,20,14,35,31,43,6,34,30,22,0,-16,-110,-103,-109,-112,-164,-170,-192,-191,-164,-165,-293,-238,-258,-227,-280,-287,-281,-172,-212,-175,-326,-183,-177,-12,-21,-18,-20,0,0,0,0,0,0,-4,-7,0,0,0,0,0,-10,-19,-20,-10,-97,-100,-106,0,0,0,0,0,0,0,0,0,0,0,0,0,0,0,0,0,0,0,0,0,0,0,0,0,-50,-50,-50,-50,-50,-50,-50,-50,-50,-50,-50,-50,-50,0,-50,0,-50,0,-50,0,0]} 1. e4 e5 2. Nf3 Nc6 3. Bb5 Bc5 4. O-O Nd4 5. Nxd4 Bxd4 6. c3 Bb6 7. d4 c6 8. Ba4 d6 9. h3 {LiveBook: 3 Games. C64: Ruy Lopez: Classical Defence (3...Bc5) except 4 0-0 Nf6} (9. Na3 Nf6 10. Bc2 Be6 11. h3 h6 12. Be3 O-O 13. dxe5 dxe5 14. Qf3 Bxe3 15. Qxe3 Qb6 16. Qxb6 axb6 17. Rfe1 Rfd8 18. Bb3 Bxb3 19. axb3 {½-½ (61) Perez Ponsa,F (2585)-Vallejo Pons,F (2711) Doha 2016}) 9... Nf6 10. Bc2 O-O 11. Be3 {White is slightly better.} Re8 12. Nd2 Be6 13. f4 exd4 14. cxd4 {[#]} (14. Bxd4 $11 Bxd4+ 15. cxd4) 14... Bf5 $146 {[%cal Rf6e4][%mdl 512]} ({Predecessor:} 14... Bd5 15. e5 Nd7 16. Nf3 f6 17. Qd3 Nf8 18. Bb3 dxe5 19. fxe5 Bxb3 20. Qxb3+ Qd5 21. Qxd5+ cxd5 22. Bf2 {½-½ (22) Campelo,L (2238)-Kubrusly,J (2255) Brasilia 2002}) 15. Qf3 (15. exf5 Rxe3) 15... Qe7 {[%cal Rf6e4]} 16. Rae1 (16. d5 $17 Nxe4 17. Nxe4 Bxe3+ 18. Qxe3 cxd5 19. Rad1) 16... Bxe4 $19 17. Nxe4 Nxe4 18. f5 d5 19. Qg4 (19. Bxe4 {was necessary.} dxe4 20. Qg4) 19... Qf6 20. Rf4 Nd6 ({Don't take} 20... Bxd4 21. Bxe4 Bxe3+ 22. Rxe3 $17) 21. Bf2 Rxe1+ 22. Bxe1 Qe7 23. Rf1 Ne4 24. Bc3 $2 (24. Bxe4 {might work better.} dxe4 25. Bc3) 24... Re8 (24... Nxc3 $142 25. bxc3 Qe3+ 26. Kh1 Qxc3) 25. Bxe4 dxe4 $2 (25... Qxe4 $19 26. Qf4 f6) 26. f6 $1 $11 {[%csl Gf6][%cal Rg4g7]} Qf8 27. Re1 g6 28. Rxe4 h5 (28... a5 {is more complex.} 29. Qe2 Rxe4 30. Qxe4 a4 31. Qe7 Qd8) 29. Qe2 Rxe4 30. Qxe4 Qd8 $36 {[%mdl 2048] White is under pressure.} 31. Qe5 a6 32. Kh1 Ba7 33. Qe7 Qc8 34. b4 Bb8 35. Bd2 $1 Bg3 36. Qe3 {[#]} (36. Bh6 $1 $11 {remains equal.}) 36... Bd6 $1 $17 37. a3 Qe6 (37... Qd8 $17 38. Qg5 Qe8) 38. Qxe6 $11 fxe6 {[%mdl 4096] Endgame KB-KB} 39. g4 $1 e5 40. dxe5 Bxe5 41. g5 $1 Bb2 {Hoping for ...b5.} 42. a4 $1 b5 43. axb5 axb5 44. Kg2 Ba3 45. Kf3 c5 46. bxc5 Bxc5 47. Ke4 b4 48. Kd3 b3 49. Bc1 Bb4 $1 50. Kc4 Bd2 51. Bb2 ({Don't blunder} 51. Bxd2 $2 b2 $19) 51... Bxg5 52. Kxb3 Kf7 53. Kc4 Bxf6 54. Bc1 Ke6 55. Kd3 Kf5 56. Ke2 Bg5 57. Bb2 Bf6 58. Bc1 Bg5 59. Bb2 Kf4 {Strongly threatening ...Kg3.} 60. Bc1+ {Precision: White = 59%, Black = 62%.} 1/2-1/2